Statistics for Locally Southernmost Capitals

Click here to take the quiz!

General Stats

  • This quiz has been taken 27 times
  • The average score is 9 of 26

Answer Stats

N Capital City % Correct
195Wellington
95%
77Montevideo
85%
7Rome
65%
9Athens
60%
4J{akarta}
55%
4J{erusalem}
50%
9Caracas
50%
69Maseru
45%
9Muscat
45%
5P{ort Moresby}
40%
4P{ort Louis}
35%
4P{aris}
35%
4A{lgiers}
30%
6Luanda
30%
4N{uku'alofa}
25%
6Accra
25%
7Rabat
25%
10Cairo
25%
25Tripoli
20%
6Monrovia
20%
4K{ingston}
15%
5P{ort-of-Spain}
15%
10Paramaribo
15%
7Sao Tome
10%
4D{odoma}
10%
6Tirana
10%

Score Distribution

Percentile by Number Answered

Percent of People with Each Score

Your Score History

You have not taken this quiz